000 00738nam a2200229 a 4500
005 20140318104207.0
008 140224s2006 ck ao gr|||| 00| 0 spa d
041 _aspa
044 _ack
082 _a634.974
_bF29a
090 _aLB
_b05262
110 2 _bFederación Nacional de Cultivadores de Palma de Aceite
_99905
245 1 3 _aLa Agroindustria de la palma de aceite en Colombia
250 _aTercera Edición
260 3 _aBogotá
_bFedepalma
_c2006
300 _a32 p.
_bil., fot.
_c33 cm
650 4 _aPalma africana
_xIndustria y comercio
_zColombia
_922601
650 4 _aPalma africana
_xProducción
_zColombia
_922602
650 4 _aAceite de palma
_xProducción
_zColombia
_922603
942 _cImpreso
_2ddc
945 _d2008-05-08
999 _c6277
_d6277